| 000 | 01939nam a2200361Ia 4500 | ||
|---|---|---|---|
| 001 | ebr10076961 | ||
| 003 | CaPaEBR | ||
| 006 | m u | ||
| 007 | cr cn||||||||| | ||
| 008 | 030428s2003 enk sb 001 0 eng d | ||
| 010 | _z 2003051433 | ||
| 020 | _z0333970144 | ||
| 040 |
_aCaPaEBR _cCaPaEBR |
||
| 035 | _a(OCoLC)559817342 | ||
| 050 | 1 | 4 |
_aE840 _b.M385 2003eb |
| 082 | 0 | 4 |
_a327.73/009/045 _221 |
| 100 | 1 |
_aMcCrisken, Trevor B., _d1968- |
|
| 245 | 1 | 0 |
_aAmerican exceptionalism and the legacy of Vietnam _h[electronic resource] : _bUS foreign policy since 1974 / _cTrevor B. McCrisken. |
| 260 |
_aBasingstoke, Hampshire ; _aNew York : _bPalgrave Macmillan, _c2003. |
||
| 300 | _aix, 237 p. | ||
| 504 | _aIncludes bibliographical references (p. 194-226) and index. | ||
| 505 | 0 | _aAmerican exceptionalism : an introduction -- The end of American exceptionalism? The Cold War and Vietnam -- Gerald Ford and the time for healing -- Jimmy Carter - mortality and the crisis of confidence -- Ronald Reagan - 'America is back' -- George Bush - the 'vision thing' and the New World Order -- Bill Clinton and the 'indispensable nation' -- Conclusions : American exceptionalism and the legacy of Vietnam. | |
| 533 |
_aElectronic reproduction. _bPalo Alto, Calif. : _cebrary, _d2009. _nAvailable via World Wide Web. _nAccess may be limited to ebrary affiliated libraries. |
||
| 650 | 0 |
_aVietnam War, 1961-1975 _xInfluence. |
|
| 650 | 0 | _aNational characteristics, American. | |
| 650 | 0 |
_aNationalism _zUnited States _xHistory _y20th century. |
|
| 650 | 0 |
_aPolitical culture _zUnited States _xHistory _y20th century. |
|
| 651 | 0 |
_aUnited States _xForeign relations _y1945-1989. |
|
| 651 | 0 |
_aUnited States _xForeign relations _y1989- |
|
| 655 | 7 |
_aElectronic books. _2local |
|
| 710 | 2 | _aebrary, Inc. | |
| 856 | 4 | 0 |
_uhttp://site.ebrary.com/lib/rucke/Doc?id=10076961 _zAn electronic book accessible through the World Wide Web; click to view |
| 999 |
_c54035 _d54035 |
||